The Bihar and Orissa local self-government act of 1885 (Bengal act III of 1885) (Record no. 488280)

000 -LEADER
fixed length control field 00359cam a22001097a 4500
008 - FIXED-LENGTH DATA ELEMENTS--GENERAL INFORMATION
fixed length control field 180718b-- xxu||||| |||| 00| 0 eng d
082 ## - DEWEY DECIMAL CLASSIFICATION NUMBER
Classification number B703x5413 B489/1923
100 ## - MAIN ENTRY--PERSONAL NAME
Personal name Bihar and Orissa. Law Department
245 ## - TITLE STATEMENT
Title The Bihar and Orissa local self-government act of 1885 (Bengal act III of 1885)
260 ## - PUBLICATION, DISTRIBUTION, ETC.
Place of publication, distribution, etc. Patna
Name of publisher, distributor, etc. The author
Date of publication, distribution, etc. --
500 ## - GENERAL NOTE
General note Library has 1923
Holdings
Withdrawn status Lost status Damaged status Not for loan Permanent Location Current Location Date acquired Full call number Barcode Date last seen Price effective from Koha item type
        Indian Institute of Public Administration Indian Institute of Public Administration 2018-08-04 B703x5413 B489/1923 GG5652 2018-08-04 2018-08-04 GG

Powered by Koha